| 000 | 00864cab a2200217 4500 | ||
|---|---|---|---|
| 001 | WB2803-10 | ||
| 008 | 090401t1991 xxu||||| |||| 00| 0 eng d | ||
| 035 | _a(Sirsi) u7301 | ||
| 041 | _aeng | ||
| 245 | _aSecure tenants | ||
| 260 | _c1991 | ||
| 350 | _a0 | ||
| 490 |
_aEstates Gazette Case Summaries _v1991 EGCS 132 (11 January 1992) |
||
| 520 | _a"Lillieshall Road Housing Cooperative Ltd v Brennan and another", CA 28 November 1991, which concerned a compulsory purchase order on a clearance area with a rehabilitation order on it and discussed the definition of `land` under Housing Act 1985 sch1. | ||
| 650 | _aCLEARANCE AREAS | ||
| 650 | _aHOUSING ACT 1985 SCH 1 | ||
| 650 | _aREHABILITATION ORDERS | ||
| 690 | _aENVIRONMENTAL AND LAND CONSULTANCY-PLANNING AND DEVELOPMENT-COMPULSORY PURCHASE AND COMPENSATION | ||
| 942 | _n0 | ||
| 948 | _c04/03/1997 | ||
| 999 |
_c4395 _d4395 |
||